Zaznacz kluby z Ekstraklasy 25/26 lub 24/25 - Statystyki

Ogólne statystyki
  • Ten quiz został rozwiązany 94 razy
  • Średni wynik to 13 z 21
Answers on the Grid
Answers color-coded by a green-red scale on the quiz's grid according to % correct below.
 
Statystyki odpowiedzi
Odpowiedź % Poprawnych
oba
98%
oba
77%
oba
75%
oba
73%
oba
72%
oba
72%
oba
69%
oba
66%
oba
64%
oba
63%
oba
61%
oba
61%
oba
61%
2025
56%
oba
55%
oba
55%
2026
55%
2026
53%
2026
52%
2025
50%
2025
47%
Nie znaleziono quizów pasujących do podanych kryteriów
Rozkład punktacji
Procent ludzi z każdym wynikiem
Percentyl według liczby udzielonych odpowiedzi
Twoja historia wyników
Nie rozwiązałeś tego quizu